| 000 | 00653cam a2200181 a 4500 | ||
|---|---|---|---|
| 020 | _a0471303011 (cloth : acidfree paper) | ||
| 040 | _cDLC | ||
| 082 | 0 | 0 | _a575 WIL 1995 A025 Or. |
| 100 | 1 | _aEldredge, Niles. | |
| 245 | 1 | 0 |
_aReinventing Darwin : _bthe great debate at the high table of evolutionary theory / |
| 260 |
_aNew York : _bWiley, _cc1995. |
||
| 300 |
_axi, 244 p. : _bill. ; _c25 cm. |
||
| 650 | 0 | 0 | _aEvolution (Biology) |
| 856 | 4 | 2 | _uhttp://www.loc.gov/catdir/bios/wiley041/94032861.html |
| 856 | 4 | 2 | _uhttp://www.loc.gov/catdir/description/wiley031/94032861.html |
| 856 | 4 | _uhttp://www.loc.gov/catdir/toc/onix01/94032861.html | |
| 942 | _cEK | ||
| 999 |
_c13471 _d13471 |
||